शब्दों का सफर : (Record no. 53158)

MARC details
000 -LEADER
fixed length control field 00782nam a2200193Ia 4500
005 - DATE AND TIME OF LATEST TRANSACTION
control field 20260429112245.0
008 - FIXED-LENGTH DATA ELEMENTS--GENERAL INFORMATION
fixed length control field 260429s9999||||xx |||||||||||||| ||und||
020 ## - INTERNATIONAL STANDARD BOOK NUMBER
International Standard Book Number 9788126722549
041 ## - LANGUAGE CODE
Language Hindi
082 ## - DEWEY DECIMAL CLASSIFICATION NUMBER
Classification number 491.438
Item number WAD
100 ## - MAIN ENTRY--PERSONAL NAME
Personal name वडनेरकर, अजित
245 #0 - TITLE STATEMENT
Title शब्दों का सफर :
Remainder of title हिंदी की शब्द संपदा के जन्म सूत्रों की तलाश और विवेचना /
Statement of responsibility, etc अजित वडनेरकर
250 ## - EDITION STATEMENT
Edition statement 4th ed.
260 ## - PUBLICATION, DISTRIBUTION, ETC. (IMPRINT)
Place of publication, distribution, etc नई दिल्ली :
Name of publisher, distributor, etc राजकमल प्रकाशन,
Date of publication, distribution, etc 2022.
300 ## - PHYSICAL DESCRIPTION
Extent 459 p.; Hb
440 ## - SERIES STATEMENT/ADDED ENTRY--TITLE
Volume number/sequential designation पहला पड़ाव
650 ## - SUBJECT ADDED ENTRY--TOPICAL TERM
Topical term or geographic name as entry element हिंदी शब्द सम्पदा
942 ## - ADDED ENTRY ELEMENTS (KOHA)
Koha item type Text Books
Holdings
Withdrawn status Lost status Damaged status Not for loan Collection code Home library Location Shelving location Date of Cataloging Source of acquisition Total Checkouts Full call number Barcode Date last seen Price effective from Koha item type
        Non-fiction CUTN Central Library CUTN Central Library Languages 29/04/2026 Segment Book Distributors, New Delhi - Invoice No. 71458 on 09-02-2026   491.438 WAD 58453 29/04/2026 29/04/2026 Text Books